000 05255cgm a2201021Ia 4500
001 ocm77589800
003 OCoLC
005 20241220120453.0
007 vd cvaizq
008 070111s2007 cau109 g vaeng d
020 _a1419846248
020 _a9781419846243
024 1 _a085391120926
024 1 _a085391120919
028 4 2 _a112092
_bWarner Home Video
028 4 2 _a112091
_bWarner Home Video
035 _a(Sirsi) i9781419846243
035 _a(OCoLC)77589800
037 _bMidwest Tape
_nhttp://www.midwesttapes.com
040 _aTEFMT
_cTEFMT
_dTEF
_dRCS
_dLEO
_dJED
_dUINTA
_e
041 1 _aeng
_afre
_aspa
_beng
_bfre
_bspa
_heng
043 _at------
049 _aUCLB
050 1 4 _aPN1195.9.A5
_bH3779 2007
082 0 4 _a791.43/72
_222
092 _a791.437
130 0 _aHappy feet (Motion picture)
_955615
245 1 0 _aHappy feet
250 _aWidescreen ed.
260 _aBurbank, CA :
_bWarner Home Video,
_c[2007]
264 _aBurbank, CA :
_bWarner Home Video,
_c[2007]
300 _a1 videodisc (109 min.) :
_bsd., col. ;
_c4 3/4 in.
500 _aSpecial features: Two new fully animated additional sequences: "Mumble meets a blue whale" and "A 'Happy feet' moment"; take a private dance lesson with Savion Glover; two music videos: "Hit me up" by Gia and "The song of the heart" by Prince; classic cartoon "I love to singa"; theatrical trailer.
508 _aEditor, Christian Gazal ; music, John Powell ; production designer, Mark Sexton ; visual effects supervisors, Peter Oberdorfer, Todd Shifflett.
511 0 _aVoices, Elijah Wood, Brittany Murphy, Hugh Jackman, Nicole Kidman, Hugo Weaving, Robin Williams, Johnny A. Sanchez, Carlos Alazraqui, Lombardo Boyar.
520 _aEmperor Penguins from Antarctica each express their true love with a special heartsong of their own that expresses their very being. However, the misfit Mumble cannot sing. Instead he has an extraordinary talent to tap dance with almost magical energy and expression. Nevertheless, the leadership of the colony fearfully blames the young penguin's unorthodox ways for the lean fishing that threatens them all. Defiant in the face of unjust rejection, Mumble and his true friends set out to find the true cause of the famine. Through the friends trials and perils, Mumble learns many things about his frozen world, not the least of which being that his toe tapping talent may be what he needs to save his people.
521 8 _aMPAA rating: PG; for some mild peril and rude humor.
538 _aDVD, region 1, widescreen (2.40:1) presentation; Dolby Digital 5.1 surround, DVD-9, dual-layer.
546 _aEnglish, dubbed French or Spanish dialogue, English, French or Spanish subtitles; closed-captioned.
586 8 _aGolden Globes, USA, 2007: Best Original Song - Motion Picture.
650 0 _aEmperor penguin
_vJuvenile drama.
_96476336
650 0 _aTap dancing
_vJuvenile drama.
_96476337
650 0 _aFishing
_xCatch effort
_zAntarctic regions
_vJuvenile drama.
_96476338
650 0 _aFriendship
_zAntarctic regions
_vJuvenile drama.
_96476339
650 1 _aFishing
_xCatch effort
_zAntarctic regions
_vDrama.
_96476340
650 1 _aFriendship
_zAntarctic regions
_vDrama.
_96476341
650 7 _aDanza
_vTeatro juvenil.
_2bidex
_96476342
650 7 _aPesca
_zAntarctica
_vTeatro juvenil.
_2bidex
_96476343
650 4 _aEmperor penguin
_vJuvenile drama.
_96476344
650 4 _aTap dancing
_vJuvenile drama.
_96476345
650 4 _aFishing
_xCatch effort
_zAntarctica
_vJuvenile drama.
_96476346
650 4 _aFriendship
_zAntarctica
_vJuvenile drama.
_96476347
651 0 _aAntarctica
_vJuvenile drama.
_96476348
651 4 _aAntarctica
_vJuvenile drama.
_96476349
655 0 _aFeature films.
_96172016
655 0 _aAnimated films.
_96172017
655 7 _aAnimals in motion pictures.
_2local
_95778257
655 7 _aChildren's films.
_2local
_96172018
655 0 _aFantasy films.
_96172019
655 0 _aAction and adventure films.
_95674017
655 0 _aVideo recordings for the hearing impaired.
_96172020
655 7 _aAnimals
_vAnimation
_vFeature.
_2local
_96476350
655 7 _aChildren's
_vAnimation
_vFeature.
_2local
_95693066
655 7 _aFantasy
_vAnimation
_vFeature.
_2local
_95693068
655 7 _aAdventure
_vAnimation
_vFeature.
_2local
_95693067
700 1 _aMiller, Bill.
_940179
700 1 _aMiller, George,
_d1945 Mar. 3-
_959413
700 1 _aMitchell, Doug.
_950349
700 1 _aColeman, Warren.
_941770
700 1 _aCollee, John.
_921892
700 1 _aMorris, Judy,
_d1947-
_970114
700 1 _aWood, Elijah,
_d1981-
_961752
700 1 _aMurphy, Brittany.
_965781
700 1 _aJackman, Hugh.
_949889
700 1 _aKidman, Nicole,
_d1967-
_963505
700 1 _aWeaving, Hugo,
_d1960-
_959349
700 1 _aWilliams, Robin,
_d1952 July 21-
_948605
700 1 _aSanchez, Johnny A.
_96172022
700 1 _aAlazraqui, Carlos.
_95812985
700 1 _aBoyar, Lombardo.
_971020
700 1 _aPowell, John.
_930360
710 2 _aKingdom Feature Productions (Firm)
_96172023
710 2 _aAnimal Logic (Firm)
_95740242
710 2 _aKennedy Miller (Firm)
_970310
710 2 _aVillage Roadshow Pictures.
_964462
710 2 _aWarner Home Video (Firm)
_961103
942 _cDVD
_2ddc
999 _c46209
_d46209